000 00776nam a2200253Ia 4500
003 OSt
005 20220928113642.0
006 a|||||r|||| 00| 0
007 ta
008 220927b |||||||| |||| 00| 0 eng d
024 _a53261
037 _cTextual
040 _aSDCL
_cSDCL
_beng
041 _2eng
_aeng
082 _aX755.1(X)'N9, N0
100 _aMacDonald Scott B Ed.
_9434277
245 0 _aGlobal debt crisis
_b Forecasting for the future.
260 _aLondon
_bPinter Publishers
_c1990
300 _avii,256p
_ccm.
700 _a Crum David L Ed.
_9434278
700 _a Lindsay Margie Ed.
_9434279
942 _hX755.1(X)'N9, N0
_cTEXL
_2CC
999 _c750627
_d750627